|
|
|
|
| LEADER |
00000caa a2200000 c 4500 |
| 001 |
1811993982 |
| 003 |
DE-627 |
| 005 |
20260206083251.0 |
| 007 |
tu |
| 008 |
220729s2022 xx ||||| 00| ||ger c |
| 020 |
|
|
|a 9783848763214
|
| 035 |
|
|
|a (DE-627)1811993982
|
| 035 |
|
|
|a (DE-599)KXP1811993982
|
| 040 |
|
|
|a DE-627
|b ger
|c DE-627
|e rda
|
| 041 |
|
|
|a ger
|
| 084 |
|
|
|a 2,1
|2 ssgn
|
| 100 |
1 |
|
|a Krause, Joachim
|d 1951-
|e VerfasserIn
|0 (DE-588)133013405
|0 (DE-627)530930420
|0 (DE-576)299564487
|4 aut
|
| 109 |
|
|
|a Krause, Joachim 1951-
|
| 245 |
1 |
0 |
|a Terrorismus und Demokratie
|c Joachim Krause
|
| 264 |
|
1 |
|c 2022
|
| 336 |
|
|
|a Text
|b txt
|2 rdacontent
|
| 337 |
|
|
|a ohne Hilfsmittel zu benutzen
|b n
|2 rdamedia
|
| 338 |
|
|
|a Band
|b nc
|2 rdacarrier
|
| 500 |
|
|
|a Literaturverzeichnis: Seite 431-434
|
| 655 |
|
4 |
|0 (DE-206)50
|a Aufsatz im Buch
|5 DE-206
|
| 773 |
0 |
8 |
|i Enthalten in
|t Terrorismusforschung
|b 1. Auflage
|d Baden-Baden : Nomos, 2022
|g (2022), Seite 421-434
|h 862 Seiten
|w (DE-627)174306649X
|z 3848763214
|z 9783848763214
|7 nnam
|
| 773 |
1 |
8 |
|g year:2022
|g pages:421-434
|
| 951 |
|
|
|a AR
|
| ELC |
|
|
|b 1
|
| ORI |
|
|
|a WA-MARC-krimdok_oa001.raw
|